00550nam a2200205 a 4500001001300000003000900013005001700022008004100039020002200080082001800102100001700120245005200137260003200189300000900221500003500230505001000265650003000275650002200305700001700327nice12345678IN_TiNIC20260116013323.0050524s1993 dela grp 000 0 eng  a8185107 c7000a894.8121bGEO aGeorge, K, M aInner Spacesb New Writing By Women from Kerala aDelhibKali for Womenc1993 a125p aincludes index and biblioraphy2 aIndex aMalayalam Fiction-Eng.Tr. aKerala-Literature1 aGeorge, K, M